[Event "NOR-chT Codanserien 2017-18"]
[Site "Oslo"]
[Date "2018.01.12"]
[Round "4"]
[White "Johansen, Terje"]
[Black "Skrondal, Inge Sandstad"]
[Result "0-1"]
[WhiteElo "2252"]
[BlackElo "2239"]
[Annotator "TA"]
[PlyCount "102"]
[EventDate "2018.??.??"]
[EventType "team-tourn"]
[EventCountry "NOR"]
[SourceTitle "playchess.com"]
[Source "ChessBase"]
[SourceQuality "1"]

{[%evp 11,102,-7,-13,-10,-6,-14,-6,-29,-26,-51,-36,-100,-46,-51,-41,-92,-90,-89,-77,-92,-50,-87,0,-32,-33,-36,182,-247,-254,-222,-256,-255,-254,-239,-235,-289,-297,-314,-301,-362,-341,-479,-474,-493,-489,-588,-568,-776,-544,-712,-495,-771,-534,-540,-534,-588,-578,-593,-602,-610,-580,-577,-510,-656,-581,-629,-597,-593,-553,-614,-602,-666,-621,-751,-751,-730,-721,-1015,-1015,-985,-968,-960,-877,-1118,-1068,-1728,-1027,-1422,-973,-1249,-1208,-1406,-1671]} 1. d4 Nf6 2. Bf4 e6 3. e3 c5 4. c3 Nc6 5. Nd2 d5 6. Ngf3 Be7 {LiveBook: 217 Games} 7. Bb5 {D02: 1 d4 d5 2 Nf3 sidelines, including 2...Nf6 3 g3 and 2...Nf6 3 Bf4} (7. Bd3 Nh5 8. Be5 f6 9. Bg3 g6 10. Qe2 Bd7 11. dxc5 Bxc5 12. e4 Nxg3 13. hxg3 dxe4 14. Bxe4 Kf7 15. O-O-O Qc7 {1-0 (24) Carlsen,M (2837)-Kryvoruchko,Y (2689) Riadh 2017}) 7... Qb6 8. a4 $146 ({Predecessor:} 8. Qb3 O-O 9. O-O Na5 10. Qa4 a6 11. Be2 Bd7 12. Qc2 cxd4 13. exd4 Rac8 14. Ne5 Qxd4 15. Nxd7 Nxd7 {0-1 (65) Okanovic,J (1810)-Radikovic,A (1783) Rijeka 2017}) 8... a6 9. Bxc6+ {The position is equal.} bxc6 10. a5 Qxb2 11. Qa4 (11. Rc1 $15) 11... Qb5 (11... Bd7 $17 {White must now prevent ...cxd4.} 12. O-O c4) 12. Qa2 cxd4 13. c4 ({White should play} 13. Nxd4 $15 Qd3 14. Nxc6) 13... dxc4 $17 {aiming for ...c3.} 14. Nxd4 Qd5 {[#] ...e5 is the strong threat.} 15. N4f3 Bb4 {And now ...c3 would win.} 16. O-O Bxd2 (16... c3 $17 17. Nc4 O-O) 17. Nxd2 e5 18. e4 Qd6 $2 (18... Nxe4 $15 19. Nxe4 Qxe4 20. Bxe5 O-O) 19. Bxe5 $4 {[%mdl 8192]} (19. Nxc4 $18 {is the narrow road to win.} Qe6 20. Bxe5) 19... Qxe5 $19 20. Nxc4 Qe7 21. e5 Nd5 22. Nd6+ Kf8 {[%cal Be8f8,Bf8g7,Bg7h8][%mdl 32]} 23. Qc4 Bd7 24. Rfe1 g6 25. f4 Kg7 26. f5 (26. Ra4 $142) 26... gxf5 {Black is clearly winning.} 27. Ra3 Rhg8 28. Rh3 Kh8 29. Rh5 Rg6 {[#] Strongly threatening ...Rxd6.} 30. Qd4 {With the idea e6+.} Be6 31. g3 (31. Nxf5 $142 Qd8 32. Kh1) 31... Qa7 32. Qxa7 Rxa7 33. Rb1 f4 34. Kf2 Ra8 35. Rb7 fxg3+ 36. hxg3 Kg7 37. Ne4 h6 {[%cal Bh7h6,Bh6h5][%mdl 32]} 38. Nc5 Bg4 39. Rh1 h5 40. Rf1 Kg8 41. Rfb1 Rg5 42. Rb8+ Rxb8 43. Rxb8+ Kg7 44. Re8 Rf5+ 45. Ke1 Rf3 46. Nxa6 Ra3 47. Nb8 c5 48. Rd8 Nb4 49. a6 Nxa6 50. Nc6 Nb4 51. Ne7 Re3+ {Precision: White = 26%, Black = 59%.} 0-1

[Event "NOR-chT Codanserien 2017-18"]
[Site "Oslo"]
[Date "2018.01.12"]
[Round "4"]
[White "Tryggestad, Andreas Garberg"]
[Black "Borresen, Georg S"]
[Result "0-1"]
[WhiteElo "2252"]
[BlackElo "2263"]
[Annotator "TA"]
[PlyCount "80"]
[EventDate "2018.??.??"]
[EventType "team-tourn"]
[EventCountry "NOR"]
[SourceTitle "playchess.com"]
[Source "ChessBase"]
[SourceQuality "1"]

{[%evp 16,80,45,39,60,53,64,49,66,33,94,85,132,128,151,110,114,104,122,103,109,119,112,10,20,0,5,-33,-29,-49,0,-49,-48,-82,-61,-39,-33,-320,-173,-168,-145,-127,-147,-361,-212,-410,-333,-403,-343,-492,-500,-486,-475,-503,-293,-635,-641,-615,-640,-612,-591,-29982,-29983,-29992,-29993,-29993,-29994]} 1. d4 Nf6 2. c4 g6 3. Nc3 Bg7 4. e4 d6 5. Nf3 O-O 6. Be2 Na6 7. Bg5 c6 8. Qd2 e5 9. Rd1 {LiveBook: 5 Games. E73: King's Indian: Averbakh Variation without 6...c5} Qc7 10. O-O Bg4 11. h3 {White is slightly better.} Bxf3 $146 ({Predecessor:} 11... Be6 12. a3 Rfe8 13. d5 cxd5 14. cxd5 Bd7 15. b4 Rac8 16. Rc1 {1-0 (46) Kortschnoj,V (2643)-Smirnov,P (2511) Ohrid 2001}) 12. Bxf3 Rfe8 (12... exd4 $14 13. Qxd4 Ne8) 13. d5 $16 c5 14. a3 Rf8 15. Nb5 Qd7 16. b4 Ne8 17. Rb1 f5 18. exf5 gxf5 19. bxc5 ({White should try} 19. Be2 $16) 19... Nxc5 $11 20. Be3 (20. Nc3 {feels hotter.} Nf6 21. Qc2 Rac8 22. Rfe1 a6 23. Rec1) 20... b6 {[%cal Bb7b6,Bb6c5][%mdl 32]} 21. Bxc5 bxc5 22. Qa5 e4 23. Bd1 a6 24. Ba4 {With the idea Nd4!} Qe7 25. Nc3 Nf6 26. Rb6 $2 {[%mdl 8192]} (26. Bd1 $15) 26... Nh5 (26... e3 $142 27. f3 e2 28. Nxe2 Qxe2) 27. Bd1 $19 Nf4 28. Ne2 Nd3 {[#] Threatens to win with ...Qd8.} 29. Ng3 $2 (29. Bc2 $17 Nb2 30. Rxa6 Nxc4 31. Qa4) 29... Be5 (29... f4 $142 30. Nxe4 Qxe4) 30. Nh5 $2 (30. Qd2 {might work better.}) 30... Qg5 31. Rb7 Rfb8 32. Rxb8+ (32. Qc7 {keeps fighting.} Rxb7 33. Qxb7) 32... Rxb8 33. Qc7 Rf8 34. Qd7 e3 35. Qe6+ $2 (35. f4 Nxf4 36. Nxf4 Bxf4 37. Rf3) 35... Kh8 36. f4 Nxf4 37. Nxf4 Bxf4 38. g4 {[#]} Qh4 $1 {Black mates.} 39. Rf3 Qe1+ 40. Kg2 Qd2+ {Precision: White = 20%, Black = 37%.} 0-1

[Event "NOR-chT Codanserien 2017-18"]
[Site "Oslo"]
[Date "2018.01.12"]
[Round "4"]
[White "Hammerstad, Asmund"]
[Black "Christiansen, Johan-Sebastian"]
[Result "0-1"]
[WhiteElo "2197"]
[BlackElo "2492"]
[Annotator "TA"]
[PlyCount "66"]
[EventDate "2018.??.??"]
[EventType "team-tourn"]
[EventCountry "NOR"]
[SourceTitle "playchess.com"]
[Source "ChessBase"]
[SourceQuality "1"]

{[%evp 19,65,4,16,-1,2,6,14,12,45,17,104,-18,-8,-8,-9,-13,-8,-21,-2,-68,-66,-89,-62,-130,-121,-117,-97,-114,-54,-148,-149,-176,-179,-189,-145,-469,-419,-523,-543,-535,-522,-1318,-1217,-1129,-1198,-2054,-722,-29999]} 1. d4 Nf6 2. Nf3 c5 3. d5 b5 4. Bg5 Qb6 5. Bxf6 Qxf6 6. c3 g6 7. e4 {A43: Schmid Benoni} (7. e3 b4 8. Nbd2 Bg7 9. Rc1 O-O 10. Be2 bxc3 11. bxc3 d6 12. O-O Nd7 13. Ne4 Qf5 14. Ng3 Qf6 15. Ne4 Qf5 16. Ng3 Qf6 17. Ne4 {½-½ (17) So,W (2815)-Carlsen,M (2832) chess.com INT 2017}) 7... Qb6 8. Nbd2 Bg7 9. a4 b4 10. Nc4 Qb7 {LiveBook: 13 Games} 11. e5 O-O 12. d6 $146 ({Predecessor:} 12. Be2 d6 13. O-O dxe5 14. Nfxe5 Qc7 {1-0 (52) Vassallo Barroche,M (2430)-Nohr,F (2054) Barcelona 2015}) 12... Nc6 13. Be2 Qb8 14. O-O exd6 (14... e6 $11) 15. exd6 ({White must play} 15. Nxd6 $16 Nxe5 16. Qd5) 15... bxc3 16. bxc3 Bxc3 17. Rb1 Bb7 18. Qc1 Bg7 {next ...Nb4 is good for Black.} 19. Qg5 (19. Ne3 $11) 19... Qc8 20. Rfc1 Nd8 21. h4 ({White should play} 21. Nce5 $15) 21... Ne6 $17 22. Qd2 Be4 23. Rb5 Re8 ({Black should try} 23... Bc6 $17 24. Rbb1 Be4) 24. Ne3 (24. Nce5 $15) 24... Bc6 25. Rbb1 Rb8 $36 {[%mdl 2048] Keeping White busy.} ({Don't do} 25... Bxa4 26. Nd5 $17) 26. Qa5 Nf4 27. Bc4 $2 {[%mdl 8192] [#]} (27. Bf1 $17 {nothing else works.}) 27... Bxf3 28. gxf3 Rxb1 29. Rxb1 Qc6 30. Ng2 Nh3+ 31. Kf1 Qxf3 {[%csl Gh3][%cal Rf3f2] [#]} 32. Qxc5 Nf4 (32... Bc3 $142 33. Ba6 Re5 34. Qxa7 Rf5 35. Qa8+ Qxa8 36. Rb8+ Kg7 37. Rg8+ Kxg8 38. Nf4 Rxf4 39. Ke2 Qf3+ 40. Kf1 Qxf2#) 33. Nxf4 Qh1# {Precision: White = 27%, Black = 34%.} 0-1

[Event "NOR-chT Codanserien 2017-18"]
[Site "Oslo"]
[Date "2018.01.12"]
[Round "4"]
[White "Nordquelle, Daniel"]
[Black "Berg, Johan"]
[Result "0-1"]
[WhiteElo "2196"]
[BlackElo "2212"]
[Annotator "TA"]
[PlyCount "116"]
[EventDate "2018.??.??"]
[EventType "team-tourn"]
[EventCountry "NOR"]
[SourceTitle "playchess.com"]
[Source "ChessBase"]
[SourceQuality "1"]

{[%evp 9,116,33,81,29,23,19,38,16,25,8,35,14,29,22,32,39,47,38,54,43,44,56,70,56,78,71,78,93,94,88,89,100,65,20,16,-18,-31,-25,-4,-18,-39,-58,-75,-114,-124,-131,-85,-106,-109,-105,-104,-109,0,-91,-60,-160,-155,-159,-130,-129,-127,-129,-127,-140,-133,-162,-146,-142,-126,-204,-223,-266,-275,-347,-331,-404,-384,-400,-280,-304,-271,-336,-313,-341,-345,-342,-333,-325,-218,-246,-252,-423,-375,-330,-313,-606,-553,-839,-675,-1176,-1185,-1289,-1220,-1070,-1050,-1050,-1050,-964,-919]} 1. e4 c5 2. Ne2 e6 3. Nbc3 a6 4. g3 Nc6 5. Bg2 g6 (5... d6 6. d4 cxd4 7. Nxd4 Bd7 8. O-O Be7 9. Nxc6 Bxc6 10. Qg4 h5 11. Qe2 h4 12. a4 hxg3 13. hxg3 Qa5 14. Bf4 Qh5 15. Qxh5 Rxh5 16. Bf3 {0-1 (36) Al Modiahki,M (2542)-Quparadze,G (2506) Riadh 2017}) 6. d3 {B23: Closed Sicilian: Lines without g3} ({White should play} 6. d4 $16) 6... Bg7 $11 7. Be3 Nd4 8. Qd2 {White is slightly better.} Ne7 9. Nd1 Nxe2 10. Qxe2 b6 $146 ({Predecessor:} 10... d6 11. Qd2 O-O 12. Bh6 f5 13. Bxg7 Kxg7 {1-0 (50) Baltac,C (2110)-Roitburd,T (2000) Eforie Nord 1998}) 11. Qd2 Bb7 12. Bh6 O-O 13. h4 $36 {[%cal Bh2h4,Bh4h5][%mdl 2080] White has some pressure.} Bxh6 14. Qxh6 Nf5 15. Qd2 Qf6 16. h5 Nd4 17. f4 e5 18. Nf2 exf4 19. gxf4 Rae8 20. c3 Ne6 21. f5 (21. e5 $5 {[%cal Re5f6]} Bxg2 22. exf6 Nd4+ 23. Kd1 $14) 21... gxf5 22. Rg1 {Threatens to win with 0-0-0.} Kh8 23. O-O-O {e5! is the strong threat.} fxe4 24. dxe4 {Hoping for e5.} Qf4 25. Qxf4 Nxf4 26. Bf3 Bc6 {Strongly threatening ...f5.} 27. Rg4 Ne6 28. Bg2 Rg8 29. Bh3 Ng5 30. Bg2 Ne6 31. Bh3 $1 h6 32. Rxg8+ (32. Rd6 $15) 32... Rxg8 $17 33. Bf5 {[#]} Rg5 $1 34. Ng4 {[#]} Kg7 $1 ({Don't play} 34... Rxh5 $6 35. Nf6 $11) 35. Ne5 {[#]} Bxe4 $1 {[%mdl 512]} 36. Bxe4 Rxe5 {[%mdl 4096] Endgame KRB-KRN} 37. Bb7 Rxh5 38. Rxd7 a5 39. a4 (39. Rd6 $17 {keeps fighting.}) 39... c4 $19 40. Rd6 Nc5 41. Bc6 Rh2 42. Kb1 Rf2 43. Bb5 Rf6 44. Rd4 Nb3 {( -> ...Rf1+)} 45. Rd1 Rf4 46. Ka2 h5 47. Bxc4 Rxc4 48. Kxb3 {KR-KR} Rc6 49. Rh1 Kh6 50. c4 $2 (50. Kc2) 50... f5 {[%cal Bf7f5,Bf5f4][%mdl 32]} 51. Kc3 f4 52. Kd4 $2 (52. b4) 52... Kg5 {Black is clearly winning.} 53. b3 Re6 54. Rg1+ Kf5 55. Rh1 Rh6 56. Rh4 Kg5 57. Rh1 h4 58. Ke4 Re6+ {Precision: White = 51%, Black = 70%.} 0-1

[Event "NOR-chT Codanserien 2017-18"]
[Site "Oslo"]
[Date "2018.01.12"]
[Round "4"]
[White "Sahl, Sheila Barth"]
[Black "Christenson, Flemming"]
[Result "1-0"]
[WhiteElo "2178"]
[BlackElo "2207"]
[Annotator "TA"]
[PlyCount "83"]
[EventDate "2018.??.??"]
[EventType "team-tourn"]
[EventCountry "NOR"]
[SourceTitle "playchess.com"]
[Source "ChessBase"]
[SourceQuality "1"]

{[%evp 11,83,33,41,46,47,21,30,15,16,16,16,7,6,10,0,-35,25,-10,52,5,66,37,64,49,65,56,90,50,103,85,127,127,140,130,131,139,137,147,154,136,215,209,254,254,266,270,352,231,232,232,314,306,283,270,489,477,29966,29968,29983,802,29984,3475,29975,29976,29979,29980,29984,29981,29981,29982,29990,29988,29988,29989]} 1. c4 e5 2. g3 Nc6 3. Bg2 f5 4. d3 Bc5 5. Nc3 Nf6 6. e3 a6 {LiveBook: 3 Partien. A25: Englische Eröffnung (Sizilianisch im Anzug)} (6... f4 7. exf4 d6 8. Nge2 O-O 9. O-O Qe8 10. fxe5 dxe5 11. Be3 Bxe3 12. fxe3 Bg4 13. Qd2 Qh5 14. Rae1 {1-0 (34) Chernyshov,K (2496)-Matras,O (2264) Prague 2017}) 7. Nge2 Ba7 8. a3 O-O {Die Stellung ist ausgeglichen.} 9. b4 d6 10. O-O Qe8 $146 ({Vorgänger:} 10... Be6 11. Nd5 Qd7 12. Bb2 Bxd5 13. cxd5 Ne7 14. d4 e4 15. Qb3 Nexd5 16. f3 Kh8 17. fxe4 fxe4 {0-1 (33) Tatisic,M (2239)-Maric,D (2259) Belgrade 2010}) 11. Nd5 Nxd5 12. cxd5 Ne7 13. d4 Ng6 (13... e4 $15) 14. Qc2 Bb6 ({Besser ist} 14... exd4 $11 15. Nxd4 f4) 15. a4 a5 ({Lieber} 15... f4 $11 16. exf4 exf4 17. Bxf4 Bg4) 16. bxa5 Bxa5 17. dxe5 Nxe5 18. Bb2 Bd7 19. Ra2 Bb6 (19... g5 $14) 20. Rfa1 $16 Kh8 21. a5 Bc5 22. Bd4 b6 23. Nf4 Ra7 24. axb6 Rxa2 25. Qxa2 cxb6 (25... Bxb6 $16 {war angesagt.} 26. Rc1 Rg8) 26. Ne6 $18 Bxe6 27. dxe6 Ng6 28. Qd5 Qe7 29. Ra8 Bxd4 30. exd4 (30. Qxd4 Rxa8 31. Bxa8 Qf6 $14) 30... b5 31. Qxf5 Rxa8 32. Bxa8 Qa7 $2 {[#]} (32... Qf6 33. Qd5 (33. Qxb5 Qxe6 34. Be4 Qe7 $18) 33... Nf8 34. Qxd6 Nxe6) 33. Be4 b4 (33... Qe7 $18 34. Qxb5 Qxe6 35. Qb8+ Qg8 36. Qxd6 Qf8) 34. Qb5 Qe7 35. Bxg6 (35. Qd7 $142 Kg8 36. Bxg6 Qxd7 37. exd7 hxg6 38. d8=Q+ Kf7 39. Qxd6 b3 40. d5) 35... hxg6 {[%mdl 4096] Endspiel KD-KD} 36. d5 (36. Qd7 $142 Qf6 37. e7 Qxe7 38. Qxe7 b3 39. Qxd6 Kh7 40. Qb8 g5 41. Qxb3) 36... Qg5 37. Qxb4 {Weiß setzt Matt.} Qe5 38. Qf4 Qe1+ 39. Kg2 Kh7 40. Qe3 Qd1 41. e7 Qxd5+ 42. f3 {Precision: Weiß = 60%, Schwarz = 35%.} 1-0

[Event "NOR-chT Codanserien 2017-18"]
[Site "Oslo"]
[Date "2018.01.12"]
[Round "4"]
[White "Andersen, Alf R"]
[Black "Kyrkjebo, Erlend"]
[Result "0-1"]
[WhiteElo "2164"]
[BlackElo "2145"]
[Annotator "TA"]
[PlyCount "84"]
[EventDate "2018.??.??"]
[EventType "team-tourn"]
[EventCountry "NOR"]
[SourceTitle "playchess.com"]
[Source "ChessBase"]
[SourceQuality "1"]

{[%evp 9,83,19,45,45,59,19,21,0,0,3,10,-18,-12,-29,50,57,53,13,48,-14,-19,-40,-38,-35,-35,-30,-36,-81,-89,-83,-87,-87,-86,-84,-87,-84,-94,-553,-540,-480,-476,-739,-735,-712,-706,-905,-889,-2065,-383,-369,-369,-353,-353,-445,-332,-469,-500,-508,-494,-762,-599,-593,-508,-492,0,0,0,-493,-476,-523,-501,-485,-491,-29998,-29999,-29999]} 1. e4 c5 2. Nf3 d6 3. Bd3 Nc6 (3... g6 4. O-O Bg7 5. Re1 Nc6 6. Bb5 Bd7 7. c3 a6 8. Bxc6 Bxc6 9. d4 cxd4 10. cxd4 Nf6 11. Nc3 {1-0 (29) Zvjaginsev,V (2643)-Sjugirov,S (2650) Sochi 2017}) 4. c3 Bd7 $146 ({Vorgänger:} 4... Bg4 5. h3 Bxf3 6. Qxf3 Nf6 7. O-O g6 8. Bb5 Qb6 9. Na3 Bg7 10. Re1 O-O 11. Bf1 {0-1 (65) Senador,E (2298)-Tran,T (2478) Subic Bay 2016}) 5. Bc2 Rc8 6. O-O {B50: Sizilianisch (Verschiedenes mit 2...d6)} Nf6 7. d3 g6 8. Nbd2 {Die Stellung ist ausgeglichen.} Bg7 9. h3 O-O 10. Nh2 d5 11. f4 dxe4 ({Lieber} 11... e5 $11) 12. dxe4 $14 Qc7 13. Nc4 Rfd8 14. Qf3 (14. Qe1 $14) 14... b5 $36 {[%mdl 2048] Weiss steht unter Druck.} 15. Ne3 {[#]} Nd4 $1 {[%cal Rd4f3][%mdl 512]} 16. cxd4 cxd4 17. e5 dxe3 18. exf6 {Droht stark Lxg6.} Qxc2 19. fxg7 Bc6 20. Qg3 e2 21. Re1 Rd1 ({Und nicht} 21... Kxg7 22. Qc3+ Qxc3 23. bxc3 $16) 22. Be3 Bxg2 23. Rc1 $2 {[%mdl 8192] [#]} (23. Qxg2 $17 {leistet mehr Widerstand.} Rxa1 24. Rxa1 Qd1+ 25. Rxd1 exd1=Q+ 26. Nf1) 23... Qxc1 $1 $19 ({Nicht} 23... Rxc1 24. Bxc1 Bb7 25. Kf2 $11) 24. Bxc1 Rcxc1 25. Qxg2 (25. Kf2 $142 Rxe1 26. f5 Rf1+ 27. Kxe2 Rxf5 28. Ng4 Bf3+ 29. Kd2 Rd1+ 30. Kc3 Bxg4 31. hxg4 Rc5+ 32. Kb4) 25... Rxe1+ 26. Kf2 Rh1 27. Qa8+ Kxg7 28. Nf3 e1=Q+ $2 (28... Rc2 {[%csl Gh1][%cal Re2e1]} 29. Ne1 Rf1+ 30. Ke3 Rxe1) 29. Nxe1 Rhxe1 30. Qxa7 {[%mdl 4096] Endspiel KD-KTT} Re4 31. Kf3 Rcc4 32. Kg3 (32. Qb8 {ist eine bessere Verteidigung.}) 32... e6 33. Qb8 b4 34. a4 (34. Kf3 $142 h6 35. Qd6) 34... bxa3 35. bxa3 Ra4 36. Qb2+ Kg8 37. Qb8+ Kg7 38. Qb2+ Red4 39. Kf3 Kh6 40. Qc1 Rd3+ 41. Kg4 (41. Kg2 $19 Kg7 42. h4) 41... f5+ 42. Kh4 g5# {Precision: Weiß = 29%, Schwarz = 70%.} 0-1

[Event "NOR-chT Codanserien 2017-18"]
[Site "Oslo"]
[Date "2018.01.12"]
[Round "4"]
[White "Nielsen, Andre"]
[Black "Risting, Eivind Olav"]
[Result "1/2-1/2"]
[WhiteElo "2152"]
[BlackElo "2309"]
[Annotator "TA"]
[PlyCount "136"]
[EventDate "2018.??.??"]
[EventType "team-tourn"]
[EventCountry "NOR"]
[SourceTitle "playchess.com"]
[Source "ChessBase"]
[SourceQuality "1"]

{[%evp 15,135,22,14,19,9,10,8,16,11,12,14,11,31,21,28,7,4,0,4,0,4,0,10,-28,0,0,0,0,8,-48,-7,-111,-110,-122,-70,-68,-70,-64,-22,-80,-70,-97,-101,-112,-112,-112,-112,-112,-112,-112,-112,-112,-112,-112,-112,-112,-112,-132,-103,-91,-79,-117,-116,-120,-120,-118,-120,-141,-139,-178,-178,-184,-183,-261,-179,-325,-246,-459,-419,-450,-431,-427,-427,-391,-359,-322,-312,-510,-507,-12826,-12824,-12829,-12830,-12839,-12839,-12840,-12840,-12841,-12841,-12845,-12842,-12842,-12843,-12843,0,0,0,0,0,0,0,0,0,0,0,0,0,0,0,0,0,0]} 1. e4 c6 2. d4 d5 3. Nc3 dxe4 4. Nxe4 Nf6 5. Nxf6+ exf6 6. Bc4 Qe7+ 7. Qe2 Be6 8. Bxe6 Qxe6 9. Nf3 {B15: Caro-Kann: 3 Nc3: 3...g6 and 3...dxe4 4 Nxe4 Nf6 5 Nxf6+ exf6} Bd6 10. Be3 O-O 11. O-O Nd7 {[%cal Bb8d7,Bd7b6,Bb6d5,Bd5e3][%mdl 32]} 12. Rfe1 Nb6 13. Qd3 $146 ({Predecessor:} 13. b3 Nd5 14. c4 Nxe3 15. Qxe3 Qd7 16. Qd3 Rfd8 {½-½ (39) Macak,S (2468)-Antoniewski,R (2558) Slovakia 2010}) 13... Rad8 14. b3 Nd5 15. c4 {Strongly threatening Bd2.} Nxe3 16. Rxe3 Qd7 17. Rae1 g6 18. Qe4 Kg7 19. Qh4 Qf5 20. c5 Bf4 {Threatens to win with ...g5.} 21. Re7 b6 22. Rxa7 (22. g3 $11 Bd6 23. cxd6 Qxf3 24. Rxa7) 22... bxc5 $15 23. Ra5 (23. dxc5 $11 {keeps the balance.} Rfe8 24. Rxf7+ Kxf7 25. Qxh7+ Kf8 26. Qh8+ Kf7 27. Qh7+ Kf8 28. Qh8+ Kf7 29. Qh7+) 23... Rfe8 $17 24. Rf1 Rd5 (24... Bd6 $1 $17 {White must now prevent ...Re4.} 25. dxc5 Bxc5) 25. Rxc5 $15 Rxc5 26. dxc5 h5 27. Qh3 (27. Nd4 $1 $11 Qe4 28. g3) 27... Qxc5 $17 28. g3 Bb8 29. Re1 Rxe1+ 30. Nxe1 Qa5 31. Qf1 Qxa2 32. Qc4 Ba7 33. Nd3 Qe2 34. Kg2 Qe6 35. Nf4 Qd6 36. Qd3 Bd4 37. Ne2 Qd5+ 38. Qf3 Qxf3+ $1 39. Kxf3 {[%mdl 4096] Endgame KB-KN} Bb6 40. Nf4 Kf8 41. Nd3 Ke7 42. g4 hxg4+ 43. Kxg4 Ke6 44. f4 (44. Kf3 $142) 44... Bc7 45. h3 (45. f5+ {was called for.} gxf5+ 46. Kh3) 45... Bd6 46. h4 $2 (46. Kf3 {keeps fighting.}) 46... Kd5 $19 47. f5 Kd4 48. Nf2 Ke3 49. Nd1+ Kd2 50. Nf2 {[#] Ne4+ is the strong threat.} Kc2 $1 51. Ne4 $2 {[#]} (51. Kf3 {was the only chance.} Kxb3 52. Ng4) 51... Be7 $1 52. h5 (52. b4 $142 Kd3 53. Kf4) 52... gxh5+ 53. Kxh5 Kxb3 54. Kh6 c5 55. Kg7 c4 56. Kxf7 Bd8 57. Ke8 Bb6 58. Ke7 Bd4 59. Nd2+ Kc3 $2 ({Black should play} 59... Kb4 $19 {aiming for ...c3.} 60. Ne4 c3 61. Nxc3 Kxc3) 60. Nf3 $11 {The position is equal.} Kd3 61. Nxd4 Kxd4 62. Kxf6 {KP-KP} c3 63. Kg7 $1 c2 (63... Kd5 $5) 64. f6 c1=Q {( -> ...Qg5+)} 65. f7 Qg5+ 66. Kh7 Qf6 (66... Qc5 $5 {[%cal Rc5f8]} 67. Kg8 Qd5 $11) 67. Kg8 Qg6+ 68. Kh8 Qxf7 $2 {[%mdl 8192] Precision: White = 45%, Black = 73%.} (68... Qf5 69. Kg7 Qg5+ 70. Kh7 Qf4) 1/2-1/2

[Event "NOR-chT Codanserien 2017-18"]
[Site "Oslo"]
[Date "2018.01.12"]
[Round "4"]
[White "Kakushadze, Ilia"]
[Black "Lahlum, Hans Olav"]
[Result "1-0"]
[WhiteElo "2137"]
[BlackElo "2132"]
[Annotator "TA"]
[PlyCount "120"]
[EventDate "2018.??.??"]
[EventType "team-tourn"]
[EventCountry "NOR"]
[SourceTitle "playchess.com"]
[Source "ChessBase"]
[SourceQuality "1"]

{[%evp 12,120,0,0,12,13,25,12,16,-6,22,-37,-35,-35,-23,-38,-14,-17,-13,-14,0,0,0,0,0,0,0,0,8,0,42,-7,21,0,39,31,68,14,7,5,168,158,210,210,210,210,210,210,210,210,210,46,141,114,133,96,116,85,279,279,279,33,60,0,186,157,279,279,279,279,279,276,279,279,523,516,401,282,297,306,4602,4594,29961,5624,5608,6110,29966,29969,29968,29969,29968,29969,29968,29969,5608,8,391,16,77,83,29963,29946,4618,4570,29985,29985,29985,29986,29986,29987,29988]} 1. e4 e6 2. d4 d5 3. Nd2 c5 4. exd5 Qxd5 5. dxc5 Bxc5 6. Ngf3 Nf6 7. Bc4 Qc6 {C07: French Tarrasch: 3...c5, 4 Ngf3 and 4 exd5 Qxd5} 8. Qe2 Nbd7 9. O-O a6 {The position is equal.} 10. a4 b6 11. b3 $146 ({Better is} 11. Nb3 $11) ({Predecessor:} 11. Nb3 Bb7 12. Nxc5 Nxc5 13. b4 Ncd7 14. Rd1 O-O 15. b5 {½-½ (31) Zherebukh,Y (2605)-So,W (2822) Saint Louis 2017}) 11... Bb7 $15 12. Bb2 O-O 13. Bd3 Qd5 14. Rfe1 Qh5 15. Ne4 Nxe4 16. Bxe4 Bxe4 17. Qxe4 Nf6 18. Bxf6 gxf6 19. Rad1 Rad8 20. b4 Bd6 21. c3 a5 22. Rd4 axb4 23. Red1 Bc7 24. cxb4 (24. Rxd8 $1 $14 Rxd8 25. Rxd8+ Bxd8 26. Qa8 (26. cxb4 Be7 $11) (26. Qxb4 Qf5 $11)) 24... Rxd4 $11 25. Rxd4 Be5 $2 (25... Qg6 $1 $11 {and Black stays safe.}) 26. g4 $36 {[%cal Bg2g4,Bg4g5][%mdl 2080] Black is under strong pressure.} Qh3 (26... Qh6 $16 {might work better.}) 27. Nxe5 fxe5 {[%mdl 4096] Endgame KQR-KQR} 28. Rd3 Qh6 29. g5 ({But not} 29. Qxe5 $6 Qc1+ 30. Kg2 Qc6+ 31. Kg3 Qxa4 $16) 29... Qg6 30. Qxg6+ $1 hxg6 {KR-KR} 31. Rd6 $2 ({White should play} 31. a5 $18) 31... Rb8 (31... Ra8 $14) 32. Kg2 Kf8 33. Kf3 Ke7 34. Rc6 Kd7 $2 (34... Ra8 $16) 35. b5 $1 Ra8 36. Rc4 $2 (36. Rxb6 $18 {Strongly threatening Ra6.} e4+ 37. Kf4 (37. Kxe4 Rxa4+ 38. Ke5 Kc8 $18)) 36... Rh8 37. Rc6 (37. h4 $14) 37... Rh4 $2 (37... Ra8 $1 $11 {and Black is okay.}) 38. Rxb6 {a5 is the strong threat.} Rxa4 (38... Rf4+ $16 39. Ke3 Rxa4) 39. Rb7+ Ke8 40. b6 Rb4 41. Ke3 Kf8 42. Kd3 Kg7 $2 (42... e4+ {keeps fighting.} 43. Kc3 Rb5) 43. Kc3 Rb1 44. Kc4 Rc1+ 45. Kb5 {Black must now prevent Rc7.} Rc2 $2 (45... Rb1+ 46. Kc6 Rc1+ 47. Kd7 Rb1) 46. Rc7 Rb2+ 47. Ka6 Ra2+ 48. Kb7 $1 Rxf2 49. Kc8 Rxh2 50. b7 Rh8+ 51. Kd7 Rb8 {[#]} 52. Kc6 $1 {[%cal Rc6c5]} e4 53. Rd7 $2 (53. Rc8 $18 Rxb7 54. Kxb7) 53... Re8 $2 {[%mdl 8192]} (53... e3 $11 54. Rd3 f6) 54. Kc7 $2 ({White should try} 54. Rd2 $18) 54... e3 $11 {[#] aiming for ...e2.} 55. Rd3 $1 {[%cal Rd3e3]} Re7+ $2 {[%mdl 8192]} (55... e2 $16 56. Re3 f6 57. Rxe2 fxg5 58. Rxe6 Rg8) 56. Kc6 Re8 57. Rxe3 f5 58. Ra3 {White mates.} Rb8 59. Ra8 Rxb7 60. Kxb7 f4 {Precision: White = 47%, Black = 20%.} 1-0